000
00315nam a2200133Ia 4500
008
231129s1964||||xx |||||||||||||| ||spa||
040
_b
spa
082
_a
928.31 R456g
100
_a
Reyes. Alfonso
245
0
_a
Trayectoria de Goethe
260
_c
1964
264
_a
Fondo de Cultura Economica
942
_2
ddc
_c
BKS
999
_c
25654
_d
25654